[Event "Kupreichik Memorial Rapid 2019"]
[Site "Minsk"]
[Date "2019.08.17"]
[Round "8.16"]
[White "Kochetkov, Vitali"]
[Black "Kharin, Mikhail"]
[Result "1/2-1/2"]
[WhiteElo "2266"]
[BlackElo "2156"]
[Annotator "TA"]
[PlyCount "43"]
[EventDate "2019.08.15"]
[EventType "swiss"]
[EventCountry "BLR"]
[SourceTitle "playchess.com"]
[Source "ChessBase"]
[SourceQuality "1"]

{[%evp 9,43,66,66,45,58,33,44,43,45,45,45,45,40,38,39,-36,-27,-29,-27,-29,-29,-33,-33,-33,-39,-39,-32,-39,-34,-35,-8,-8,-2,-18,-13,-312]} 1. d4 g6 2. e4 Bg7 3. Nf3 d6 4. Be2 a6 5. c4 e5 (5... Bg4 6. Nc3 Nc6 7. d5 Bxf3 8. Bxf3 Ne5 9. Be2 Nf6 10. O-O O-O 11. Kh1 c6 12. f4 Ned7 {0-1 (60) Meier,G (2632)-Malakhov,V (2694) Dubai 2014}) 6. Nc3 {B06: Modern Defence} Nc6 {[%cal Re5d4]} 7. Be3 exd4 8. Nxd4 {White is slightly better.} Nxd4 9. Bxd4 Nf6 $146 ({Predecessor:} 9... Bxd4 10. Qxd4 Qf6 11. Qe3 Ne7 12. O-O O-O 13. Rad1 Re8 14. Rd2 Be6 15. f4 Nc6 16. f5 Bd7 17. Nd5 Qh4 18. g3 Qh3 19. Bg4 {1-0 (19) Riediger,M (2280)-Haletzki,B Bayern 1996}) 10. O-O O-O 11. Re1 Re8 12. Bf1 (12. f3 $14) 12... c5 $15 13. Bxf6 Bxf6 14. Qc2 Bd7 15. Nd5 Bd4 16. Rad1 Bc6 17. b3 Bxd5 18. exd5 Qf6 19. g3 Re7 20. Rxe7 {The position is equal.} Qxe7 21. Qe2 Re8 22. Re1 $2 {[%mdl 40960] Accuracy: White = 53%, Black = 75%. . An unexpected result.} (22. Rd2 $11 {and White is okay.}) 1/2-1/2

[Event "Kupreichik Memorial Rapid 2019"]
[Site "Minsk"]
[Date "2019.08.17"]
[Round "8.17"]
[White "Agapov, Sergey"]
[Black "Naumovich, Yaroslav"]
[Result "1/2-1/2"]
[WhiteElo "2265"]
[BlackElo "1868"]
[Annotator "TA"]
[PlyCount "122"]
[EventDate "2019.08.15"]
[EventType "swiss"]
[EventCountry "BLR"]
[SourceTitle "playchess.com"]
[Source "ChessBase"]
[SourceQuality "1"]

{[%evp 11,122,-1,11,14,27,33,27,10,27,-5,0,-6,-4,-8,13,14,50,37,50,29,83,48,119,117,149,94,118,112,177,177,178,172,173,173,172,183,174,165,397,183,167,174,202,191,180,195,187,193,208,195,184,168,206,206,200,204,177,191,281,283,290,273,272,268,276,271,261,275,266,234,233,173,163,166,181,186,169,52,60,59,56,13,13,0,0,0,0,0,0,-8,-8,-9,0,-8,-8,-11,-8,-13,-8,-8,-8,-8,-8,-11,-11,-12,0,0,0,0,0,0,0]} 1. d4 Nf6 2. Bg5 d5 3. Nd2 c5 4. e3 Nc6 5. Ngf3 e6 6. c3 Qb6 7. Rb1 {D03: 1 d4 d5 2 Nf3 Nf6 3 Bg5, including Torre Attack with early ...d5} Be7 8. Bd3 O-O 9. Ne5 {White has an edge.} h6 10. Bh4 Nd7 11. Bg3 $146 (11. Nxd7 {is interesting.} Bxd7 12. Bxe7 Nxe7 13. O-O Qc7 14. Bc2) ({Predecessor:} 11. Bxe7 Nxe7 12. f4 f6 13. Nef3 cxd4 14. exd4 e5 15. fxe5 fxe5 16. dxe5 Nxe5 {0-1 (36) Hamblok,R (2282)-Petrov,M (2458) Baku 2016}) 11... Ndxe5 12. dxe5 Bd7 13. O-O f5 14. exf6 $1 Bxf6 15. e4 Qd8 (15... Rad8 $11) 16. Qe2 Rc8 (16... c4 $14 17. Bc2 b5) 17. Rbd1 Qe7 18. Nf3 ({Better is} 18. exd5 exd5 19. Qh5) 18... Qf7 19. Bc2 Rfd8 (19... d4 $16) 20. exd5 $18 exd5 {[#]} 21. Rxd5 $3 {[%mdl 512]} Be6 (21... Qxd5 22. Bb3) 22. Rxc5 b6 23. Rb5 Bc4 24. Qe4 Ne7 $2 (24... g6 25. Ra1 Bg7) 25. Bb3 (25. Ne5 $142 Bxe5 26. Rxe5) 25... Bxb3 26. axb3 Re8 27. Qb7 Nc6 28. Qxf7+ Kxf7 29. Rd5 Rcd8 30. Rxd8 Rxd8 31. b4 g5 32. h3 h5 33. Re1 Rd5 34. Kf1 g4 (34... a5 {keeps fighting.} 35. bxa5 bxa5) 35. hxg4 hxg4 36. Nh2 Rd2 37. Nxg4 Rxb2 38. Nxf6 Kxf6 {[%mdl 4096] Endgame KRB-KRN} 39. Rd1 {Strongly threatening Rd6+.} Ke7 40. Bf4 Rb3 41. Rc1 a5 42. bxa5 bxa5 43. g4 Ke6 44. Rd1 (44. Kg2 $18) 44... Rxc3 $14 45. Kg2 a4 46. Ra1 a3 {The position is equal.} 47. Bc1 {[#]} a2 $1 {[%mdl 512]} 48. Bb2 (48. Rxa2 Rxc1) 48... Rc2 49. Rxa2 {Black must now prevent Ra6.} Nb4 50. Ra5 {Hoping for Bg7.} (50. Ra4 {seems wilder.} Rxb2 51. Kg3 Nd3 52. f4 Nc5 53. Ra8) 50... Rxb2 $11 {KRN-KR} 51. Ra3 Rd2 52. Re3+ Kf6 53. Re8 Nd3 54. Rf8+ Kg7 55. Rf5 Kg6 56. Kg3 Ne1 57. Rf8 Rd3+ 58. f3 Rxf3+ 59. Rxf3 Nxf3 60. Kxf3 Kg5 61. Kg3 Kg6 {Accuracy: White = 60%, Black = 50%.} 1/2-1/2

[Event "Kupreichik Memorial Rapid 2019"]
[Site "Minsk"]
[Date "2019.08.17"]
[Round "8.18"]
[White "Oblamski, Vladimir"]
[Black "Maryasin, Boris"]
[Result "0-1"]
[WhiteElo "2088"]
[BlackElo "2302"]
[Annotator "NA"]
[PlyCount "60"]
[EventDate "2019.08.15"]
[EventType "swiss"]
[EventCountry "BLR"]
[SourceTitle "playchess.com"]
[Source "ChessBase"]
[SourceQuality "1"]
[TimeControl "900+10"]

1. e4 {[%emt 0:00:00]} c5 {[%emt 0:00:00]} 2. c3 {[%emt 0:00:00]} Nf6 {[%emt 0:00:00]} 3. e5 {[%emt 0:00:00]} Nd5 {[%emt 0:00:00]} 4. d4 {[%emt 0:00:00]} cxd4 {[%emt 0:00:00]} 5. cxd4 {[%emt 0:00:00]} d6 {[%emt 0:00:00]} 6. Nf3 {[%emt 0:00:02]} e6 {[%emt 0:00:37]} 7. Bc4 {[%emt 0:00:49]} Be7 {[%emt 0:00:13]} 8. O-O {[%emt 0:00:07]} O-O {[%emt 0:00:01]} 9. Qe2 {[%emt 0:01:49]} Nc6 {[%emt 0:00:26]} 10. Nc3 {[%emt 0:02:52]} Nxc3 {[%emt 0:00:07]} 11. bxc3 {[%emt 0:00:02]} dxe5 {[%emt 0:00:22]} 12. dxe5 {[%emt 0:01:07]} Qa5 {[%emt 0:00:23]} 13. Bd2 {[%emt 0:00:34]} b6 {[%emt 0:01:06]} 14. Bd3 {[%emt 0:03:28]} Bb7 {[%emt 0:00:15]} 15. Rfe1 {[%emt 0:00:32]} Rad8 {[%emt 0:00:41]} 16. c4 {[%emt 0:01:54]} Qa3 {[%emt 0:00:39]} 17. Be4 {[%emt 0:00:13]} Na5 {[%emt 0:00:49]} 18. Bxb7 {[%emt 0:00:51]} Nxb7 {[%emt 0:00:01]} 19. Bg5 {[%emt 0:00:10]} Bxg5 {[%emt 0:00:37]} 20. Nxg5 {[%emt 0:00:01]} Qd3 {[%emt 0:00:02]} 21. Qh5 {[%emt 0:01:52]} Nc5 {[%emt 0:01:09]} 22. Nxf7 {[%emt 0:00:44]} Rd4 {[%emt 0:01:06]} 23. Rad1 {[%emt 0:00:36]} Qxc4 {[%emt 0:00:11]} 24. Ng5 {[%emt 0:00:51]} h6 {[%emt 0:00:01]} 25. Nf3 {[%emt 0:00:13]} Rxd1 {[%emt 0:00:04]} 26. Rxd1 {[%emt 0:00:01]} Qxa2 {[%emt 0:00:14]} 27. h4 {[%emt 0:00:07]} Qc2 {[%emt 0:00:15]} 28. Nd4 {[%emt 0:00:11]} Qxf2+ {[%emt 0:00:07]} 29. Kh1 {[%emt 0:00:03]} Qg3 {[%emt 0:01:26]} 30. Nc6 {[%emt 0:00:12]} Ne4 {[%emt 0:00:44]} 0-1

[Event "Kupreichik Memorial Rapid 2019"]
[Site "Minsk"]
[Date "2019.08.17"]
[Round "8.19"]
[White "Kuleshov, Konstantin"]
[Black "Talma, Sergei"]
[Result "1-0"]
[WhiteElo "2076"]
[BlackElo "1882"]
[Annotator "NA"]
[PlyCount "97"]
[EventDate "2019.08.15"]
[EventType "swiss"]
[EventCountry "BLR"]
[SourceTitle "playchess.com"]
[Source "ChessBase"]
[SourceQuality "1"]
[TimeControl "900+10"]

1. d4 {[%emt 0:00:00]} d5 {[%emt 0:00:00]} 2. c4 {[%emt 0:00:00]} e5 {[%emt 0:00:01]} 3. dxe5 {[%emt 0:00:00]} d4 {[%emt 0:00:01]} 4. Nf3 {[%emt 0:00:00]} Nc6 {[%emt 0:00:01]} 5. g3 {[%emt 0:00:01]} Bf5 {[%emt 0:00:04]} 6. Bg2 {[%emt 0:00:03]} Qd7 {[%emt 0:00:50]} 7. O-O {[%emt 0:00:06]} f6 {[%emt 0:01:10]} 8. exf6 {[%emt 0:00:26]} Nxf6 {[%emt 0:00:02]} 9. Bf4 {[%emt 0:00:04]} Bd6 {[%emt 0:00:39]} 10. Nxd4 {[%emt 0:00:38]} Bxf4 {[%emt 0:00:03]} 11. Nxc6 {[%emt 0:00:02]} Bd6 {[%emt 0:01:33]} 12. Nd4 {[%emt 0:00:07]} Be4 {[%emt 0:00:19]} 13. Nb5 {[%emt 0:00:06]} Bxg2 {[%emt 0:00:47]} 14. Nxd6+ {[%emt 0:00:02]} cxd6 {[%emt 0:00:02]} 15. Kxg2 {[%emt 0:00:02]} O-O {[%emt 0:00:27]} 16. Nc3 {[%emt 0:00:04]} Qc6+ {[%emt 0:00:09]} 17. Kg1 {[%emt 0:00:02]} Qxc4 {[%emt 0:00:27]} 18. Qb3 {[%emt 0:00:07]} Qxb3 {[%emt 0:00:26]} 19. axb3 {[%emt 0:00:02]} a6 {[%emt 0:00:15]} 20. Rfd1 {[%emt 0:00:05]} Rfd8 {[%emt 0:01:59]} 21. Ra4 {[%emt 0:00:09]} Kf7 {[%emt 0:01:20]} 22. Rc4 {[%emt 0:00:18]} Rd7 {[%emt 0:01:42]} 23. f3 {[%emt 0:00:16]} d5 {[%emt 0:00:39]} 24. Rcd4 {[%emt 0:00:08]} Rad8 {[%emt 0:00:06]} 25. Kf2 {[%emt 0:00:02]} b5 {[%emt 0:01:12]} 26. g4 {[%emt 0:00:05]} h6 {[%emt 0:00:23]} 27. Na2 {[%emt 0:00:24]} Ke6 {[%emt 0:00:26]} 28. Nb4 {[%emt 0:00:02]} a5 {[%emt 0:01:07]} 29. Nc6 {[%emt 0:00:30]} Ra8 {[%emt 0:00:15]} 30. Ra1 {[%emt 0:00:01]} a4 {[%emt 0:00:37]} 31. bxa4 {[%emt 0:00:06]} Rc7 {[%emt 0:00:03]} 32. Nb4 {[%emt 0:01:02]} bxa4 {[%emt 0:00:48]} 33. Nd3 {[%emt 0:00:05]} Rc4 {[%emt 0:01:23]} 34. Rxc4 dxc4 {[%emt 0:00:01]} 35. Rxa4 {[%emt 0:00:43]} Rc8 {[%emt 0:00:18]} 36. Nf4+ {[%emt 0:00:16]} Kd6 {[%emt 0:00:36]} 37. Rb4 {[%emt 0:00:22]} Nd5 {[%emt 0:00:19]} 38. Nxd5 {[%emt 0:00:03]} Kxd5 {[%emt 0:00:01]} 39. Rb7 {[%emt 0:00:03]} g5 {[%emt 0:00:12]} 40. Rd7+ {[%emt 0:00:14]} Kc5 {[%emt 0:00:06]} 41. e3 {[%emt 0:00:16]} Rb8 {[%emt 0:00:04]} 42. Rd2 {[%emt 0:00:02]} Kb4 {[%emt 0:00:37]} 43. f4 {[%emt 0:00:04]} gxf4 {[%emt 0:00:12]} 44. exf4 {[%emt 0:00:01]} Rg8 {[%emt 0:00:01]} 45. Kf3 {[%emt 0:00:02]} Re8 {[%emt 0:00:11]} 46. g5 {[%emt 0:00:03]} hxg5 {[%emt 0:00:02]} 47. fxg5 {[%emt 0:00:01]} Re1 {[%emt 0:00:35]} 48. Rg2 {[%emt 0:00:03]} Kb3 {[%emt 0:00:06]} 49. g6 {[%emt 0:00:02]} 1-0

[Event "Kupreichik Memorial Rapid 2019"]
[Site "Minsk"]
[Date "2019.08.17"]
[Round "8.20"]
[White "Vashchilov, Sergey"]
[Black "Strizhnev, Ivan"]
[Result "1-0"]
[WhiteElo "2162"]
[BlackElo "1394"]
[Annotator "NA"]
[PlyCount "45"]
[EventDate "2019.08.15"]
[EventType "swiss"]
[EventCountry "BLR"]
[SourceTitle "playchess.com"]
[Source "ChessBase"]
[SourceQuality "1"]
[TimeControl "900+10"]

1. d4 {[%emt 0:00:00]} Nf6 {[%emt 0:00:00]} 2. Nc3 {[%emt 0:00:00]} d5 {[%emt 0:00:00]} 3. Bg5 {[%emt 0:00:00]} e6 {[%emt 0:00:03]} 4. e4 {[%emt 0:00:00]} dxe4 {[%emt 0:00:11]} 5. Nxe4 {[%emt 0:00:02]} Be7 {[%emt 0:00:02]} 6. Bxf6 {[%emt 0:00:02]} Bxf6 {[%emt 0:00:03]} 7. c3 {[%emt 0:00:02]} Be7 {[%emt 0:00:49]} 8. f4 {[%emt 0:00:41]} Nd7 {[%emt 0:00:43]} 9. Nf3 {[%emt 0:00:07]} Nf6 {[%emt 0:00:19]} 10. Bd3 {[%emt 0:00:05]} Bd7 {[%emt 0:00:37]} 11. Ne5 {[%emt 0:00:23]} Nd5 {[%emt 0:01:21]} 12. Qf3 {[%emt 0:00:46]} a6 {[%emt 0:02:06]} 13. O-O {[%emt 0:00:38]} Rc8 {[%emt 0:02:28]} 14. Ng5 {[%emt 0:02:33]} Bxg5 {[%emt 0:01:44]} 15. fxg5 {[%emt 0:00:02]} Rf8 {[%emt 0:01:57]} 16. Nxf7 {[%emt 0:01:48]} Qe7 {[%emt 0:00:05]} 17. Bxh7 {[%emt 0:01:05]} Bc6 {[%emt 0:01:18]} 18. Bg6 {[%emt 0:00:47]} Kd7 {[%emt 0:01:12]} 19. Ne5+ {[%emt 0:00:55]} Kd6 {[%emt 0:00:06]} 20. Qg3 {[%emt 0:01:08]} b5 {[%emt 0:01:24]} 21. Nd3+ {[%emt 0:00:37]} Kd7 {[%emt 0:00:10]} 22. Nc5+ {[%emt 0:00:04]} Kd8 {[%emt 0:00:05]} 23. Rxf8+ {[%emt 0:00:04]} 1-0

[Event "Kupreichik Memorial Rapid 2019"]
[Site "Minsk"]
[Date "2019.08.17"]
[Round "8.21"]
[White "Romanovskij, Nikita"]
[Black "Leinov, Roman"]
[Result "1/2-1/2"]
[WhiteElo "1869"]
[BlackElo "2189"]
[Annotator "TA"]
[PlyCount "82"]
[EventDate "2019.08.15"]
[EventType "swiss"]
[EventCountry "BLR"]
[SourceTitle "playchess.com"]
[Source "ChessBase"]
[SourceQuality "1"]

{[%evp 11,82,0,8,-5,-5,-55,-17,-10,-8,-23,27,30,20,21,27,27,40,18,16,18,32,5,25,0,0,-4,-13,-13,6,0,0,0,0,0,0,0,0,0,6,0,19,12,27,16,40,19,33,31,22,20,16,5,13,0,0,0,0,0,26,0,0,0,0,0,0,-4,-4,-4,-4,-4,-4,-5,0]} 1. Nf3 Nf6 2. d4 g6 3. Bg5 Bg7 4. Nbd2 d5 5. e3 O-O 6. Bd3 b6 7. Qe2 {D03: 1 d4 d5 2 Nf3 Nf6 3 Bg5, including Torre Attack with early ...d5} (7. O-O Ba6 8. Qe2 Bxd3 9. cxd3 c5 10. Rfc1 Nbd7 11. Rc2 Qb8 12. Rac1 Qb7 13. Bxf6 Bxf6 14. b4 cxb4 {1-0 (35) Raznikov,D (2508)-Sivuk,V (2520) Porto Mannu 2016}) 7... Bb7 8. e4 dxe4 9. Nxe4 Nbd7 {[%cal Bb8d7,Bd7f6,Bf6d5,Bd5e3][%mdl 32]} 10. O-O Nxe4 11. Bxe4 Bxe4 12. Qxe4 Nf6 13. Qe2 $146 ({Predecessor:} 13. Qh4 c5 14. c3 cxd4 15. Nxd4 Qd7 16. Bh6 Rac8 17. Rfe1 {0-1 (57) Molnar,B (2185)-Sinkovics,P (2286) Hungary 2014}) 13... Qd6 14. c3 c5 15. Rad1 e6 16. Be3 Qc7 17. Qc4 {[%cal Rd4c5]} Nd5 18. Rfe1 Nxe3 19. Rxe3 Rfc8 20. d5 exd5 21. Rxd5 Rd8 22. Red3 Rxd5 23. Qxd5 Re8 24. g3 Bf6 25. Nd2 Qe5 26. Qxe5 Rxe5 $11 {[%mdl 4096] Endgame KRB-KRN} 27. Kf1 Re7 28. a4 Kg7 29. Nc4 Re4 30. b3 Re7 31. Nd2 a6 32. f3 b5 33. axb5 axb5 34. Ne4 c4 35. bxc4 bxc4 {The position is equal.} 36. Rd6 Be5 37. Rc6 f5 38. Nf2 Bxc3 39. Rxc4 Ba5 40. Rc2 Rd7 41. Ke2 Re7+ {Accuracy: White = 39%, Black = 53%.} 1/2-1/2

[Event "Kupreichik Memorial Rapid 2019"]
[Site "Minsk"]
[Date "2019.08.17"]
[Round "8.22"]
[White "Siniauski, Artsiom"]
[Black "Dvurechensky, Viacheslav"]
[Result "1-0"]
[WhiteElo "2142"]
[BlackElo "1840"]
[Annotator "TA"]
[PlyCount "73"]
[EventDate "2019.08.15"]
[EventType "swiss"]
[EventCountry "BLR"]
[SourceTitle "playchess.com"]
[Source "ChessBase"]
[SourceQuality "1"]

{[%evp 14,73,36,26,69,63,63,46,53,23,28,24,8,13,53,55,76,71,82,96,80,21,41,37,77,45,51,41,41,27,27,28,51,0,66,0,35,-1,-10,-46,-47,-45,137,125,187,131,135,138,137,133,130,132,89,66,86,84,89,0,4810,4802,1373,997]} 1. e4 d6 2. d4 Nf6 3. Nc3 e5 4. Nf3 Nbd7 5. Bc4 Be7 6. O-O O-O 7. a4 c6 8. h3 Rb8 {C41: Philidor Defence} (8... h6 9. Re1 Re8 10. Ba2 exd4 11. Nxd4 Bf8 12. Be3 Nxe4 13. Nxe4 Rxe4 14. Qf3 d5 15. Rad1 Ne5 16. Qg3 Ng6 17. c4 Bd6 {0-1 (38) Saric,I (2695)-Ivanisevic,I (2603) Skopje 2018}) 9. Be3 $146 ({Predecessor:} 9. Re1 Qc7 10. Be3 b6 11. Qe2 Re8 12. Ng5 Rf8 13. f4 h6 14. Nf3 exf4 15. Bxf4 Nh7 16. e5 d5 17. Bxd5 cxd5 18. Nxd5 Qd8 19. e6 Bb7 20. exf7+ Rxf7 21. Nxe7+ {1-0 (21) Marchadour,C (2101)-Legrand,T (1859) Avoine 2009}) 9... b6 10. Qd2 a6 {White is slightly better.} 11. b4 Qc7 12. Bb3 Bb7 13. Rfd1 c5 (13... Rbd8 {feels hotter.} 14. Rab1 b5 15. Qe1 Rfe8 16. Ba2 exd4 17. Nxd4 bxa4 18. Bf4 Ne5) 14. bxc5 bxc5 15. dxe5 Nxe5 16. Nxe5 dxe5 17. Bd5 ({White should play} 17. Qd3 $16) 17... Rfd8 {Threatens to win with ...Nxe4!} 18. Qe2 Qa5 19. Qc4 (19. Bd2 {keeps more tension.} Qc7 20. Bc4 Rd6 21. Bg5 Rbd8 22. Rxd6 Rxd6 23. Rb1) 19... Bxd5 20. Nxd5 Nxd5 21. Rxd5 Rxd5 22. exd5 Rb4 23. Qd3 (23. Qa2 $14) 23... e4 (23... Bd6 $11) 24. Qd2 (24. Qd1 $14) 24... Qb6 25. Rd1 Bd6 26. a5 Qxa5 27. c3 Ra4 $2 (27... Rb8 $15) 28. Bf4 $16 Qc7 (28... Qd8 $16 {might work better.}) 29. Bxd6 (29. Qc2 $1 $18 {[%cal Rc2a4]} Ra5 30. Bxd6 (30. Qxe4 g6 $16) 30... Qxd6 31. Qxe4) 29... Qxd6 $18 {[%mdl 4096] Endgame KQR-KQR} 30. Qc2 $36 {[%mdl 2048] Black is under strong pressure.} Ra5 31. Qxe4 {Strongly threatening Qe8+.} g6 32. c4 Ra2 33. g3 a5 34. Qe8+ Kg7 {[#]} 35. Qc6 ({White should try} 35. Rd3 $1 $16) 35... Qf6 $2 {[%mdl 8192] [#]} (35... Qe7 $11) 36. Qxf6+ $1 Kxf6 37. d6 {Accuracy: White = 54%, Black = 39%.} 1-0

[Event "Kupreichik Memorial Rapid 2019"]
[Site "Minsk"]
[Date "2019.08.17"]
[Round "8.23"]
[White "Zverev, Lev"]
[Black "Kiryliuk, Ilya"]
[Result "1-0"]
[WhiteElo "1881"]
[BlackElo "1948"]
[Annotator "NA"]
[PlyCount "67"]
[EventDate "2019.08.15"]
[EventType "swiss"]
[EventCountry "BLR"]
[SourceTitle "playchess.com"]
[Source "ChessBase"]
[SourceQuality "1"]
[TimeControl "900+10"]

1. e4 {[%emt 0:01:05]} c5 {[%emt 0:00:00]} 2. Nf3 {[%emt 0:00:01]} e6 {[%emt 0:00:00]} 3. d4 {[%emt 0:00:01]} cxd4 {[%emt 0:00:00]} 4. Nxd4 {[%emt 0:00:01]} a6 {[%emt 0:00:13]} 5. Bd3 {[%emt 0:00:03]} d6 {[%emt 0:00:16]} 6. O-O {[%emt 0:00:05]} Nf6 {[%emt 0:00:11]} 7. Qe2 {[%emt 0:00:04]} Be7 {[%emt 0:00:08]} 8. c4 {[%emt 0:00:02]} b6 {[%emt 0:00:16]} 9. Nc3 {[%emt 0:00:01]} Qc7 {[%emt 0:00:11]} 10. Be3 {[%emt 0:00:06]} Bb7 {[%emt 0:00:15]} 11. f4 {[%emt 0:00:02]} Nbd7 {[%emt 0:00:11]} 12. b4 {[%emt 0:00:07]} O-O {[%emt 0:00:36]} 13. f5 {[%emt 0:00:29]} exf5 {[%emt 0:00:41]} 14. Nxf5 {[%emt 0:00:07]} Rfe8 {[%emt 0:00:06]} 15. Bf4 {[%emt 0:00:20]} Bf8 {[%emt 0:00:11]} 16. Qf3 {[%emt 0:00:11]} Ne5 {[%emt 0:00:46]} 17. Bxe5 {[%emt 0:00:13]} Rxe5 {[%emt 0:00:44]} 18. Nd5 {[%emt 0:00:31]} Nxd5 {[%emt 0:01:03]} 19. exd5 {[%emt 0:00:23]} g6 {[%emt 0:00:51]} 20. Ne3 {[%emt 0:01:27]} f5 {[%emt 0:02:47]} 21. Rac1 {[%emt 0:00:13]} Bh6 {[%emt 0:01:28]} 22. Rce1 {[%emt 0:00:20]} b5 {[%emt 0:00:23]} 23. Nxf5 {[%emt 0:01:54]} gxf5 {[%emt 0:00:10]} 24. Rxe5 {[%emt 0:00:24]} dxe5 {[%emt 0:00:03]} 25. Qxf5 {[%emt 0:00:02]} Re8 {[%emt 0:03:52]} 26. Qh5 {[%emt 0:01:23]} Be3+ {[%emt 0:00:20]} 27. Kh1 {[%emt 0:00:01]} Re7 {[%emt 0:00:17]} 28. Bxh7+ {[%emt 0:00:25]} Rxh7 {[%emt 0:00:20]} 29. Qe8+ {[%emt 0:00:03]} Kg7 {[%emt 0:00:01]} 30. Qf8+ {[%emt 0:00:02]} Kg6 {[%emt 0:00:02]} 31. Qf6+ {[%emt 0:00:05]} Kh5 {[%emt 0:00:01]} 32. Rf5+ {[%emt 0:00:01]} Kg4 {[%emt 0:00:05]} 33. Qg6+ {[%emt 0:00:01]} Kh4 {[%emt 0:00:05]} 34. Qg3# {[%emt 0:00:01]} 1-0

[Event "Kupreichik Memorial Rapid 2019"]
[Site "Minsk"]
[Date "2019.08.17"]
[Round "8.24"]
[White "Shaban, Alena"]
[Black "Shakhadanau, Henadzi"]
[Result "0-1"]
[WhiteElo "2030"]
[BlackElo "1868"]
[Annotator "NA RC"]
[PlyCount "118"]
[EventDate "2019.08.15"]
[EventType "swiss"]
[EventCountry "BLR"]
[SourceTitle "playchess.com"]
[Source "ChessBase"]
[SourceQuality "1"]
[TimeControl "900+10"]

1. d4 {[%emt 0:00:00]} Nf6 {[%emt 0:00:00]} 2. Nf3 {[%emt 0:00:00]} b6 {[%emt 0:00:00]} 3. e3 {[%emt 0:00:00]} Bb7 {[%emt 0:00:00]} 4. Bd3 {[%emt 0:00:12]} e6 {[%emt 0:00:00]} 5. O-O {[%emt 0:00:11]} Be7 {[%emt 0:00:03]} 6. b3 {[%emt 0:00:02]} O-O {[%emt 0:00:24]} 7. Bb2 {[%emt 0:00:00]} d5 {[%emt 0:00:30]} 8. Nbd2 {[%emt 0:00:17]} Ne4 {[%emt 0:00:38]} 9. c4 {[%emt 0:01:26]} Nd7 {[%emt 0:00:03]} 10. Rc1 {[%emt 0:01:18]} f5 {[%emt 0:00:55]} 11. Ne5 {[%emt 0:00:20]} Nxe5 {[%emt 0:02:39]} 12. dxe5 {[%emt 0:00:02]} Bb4 {[%emt 0:02:07]} 13. Nf3 {[%emt 0:01:41]} Qe7 {[%emt 0:00:54]} 14. cxd5 {[%emt 0:01:49]} exd5 {[%emt 0:00:16]} 15. a3 {[%emt 0:00:53]} Bxa3 {[%emt 0:01:39]} 16. Bxa3 {[%emt 0:00:02]} Qxa3 {[%emt 0:00:01]} 17. Rxc7 {[%emt 0:00:04]} Rf7 {[%emt 0:00:33]} 18. Rxf7 {[%emt 0:00:29]} Kxf7 {[%emt 0:00:02]} 19. Nd4 {[%emt 0:00:04]} g6 {[%emt 0:00:20]} 20. e6+ {[%emt 0:02:21]} Kf6 {[%emt 0:00:46]} 21. Bb5 {[%emt 0:00:35]} Rc8 {[%emt 0:00:29]} 22. Bd7 {[%emt 0:00:19]} Rc5 {[%emt 0:01:57]} 23. Nc2 {[%emt 0:02:02]} Qb2 {[%emt 0:00:14]} 24. Nb4 {[%emt 0:00:56]} Ra5 {[%emt 0:01:19]} 25. Nd3 {[%emt 0:01:52]} Qc3 {[%emt 0:00:31]} 26. b4 {[%emt 0:00:35]} Ra2 {[%emt 0:00:15]} 27. Nf4 {[%emt 0:00:19]} Qe5 {[%emt 0:01:12]} 28. Nd3 {[%emt 0:00:27]} Qc3 {[%emt 0:00:15]} 29. Nf4 {[%emt 0:00:01]} Qd2 {[%emt 0:00:16]} 30. Qxd2 {[%emt 0:00:12]} Rxd2 {[%emt 0:00:01]} 31. f3 {[%emt 0:00:07]} Nd6 {[%emt 0:00:11]} 32. Ra1 {[%emt 0:00:04]} a6 {[%emt 0:00:03]} 33. h4 {[%emt 0:00:09]} Rb2 {[%emt 0:00:08]} 34. Nd3 {[%emt 0:00:10]} Rb3 {[%emt 0:00:04]} 35. Rd1 {[%emt 0:00:04]} Nc4 {[%emt 0:00:13]} 36. Kf2 {[%emt 0:00:07]} Nb2 {[%emt 0:00:08]} 37. Nxb2 {[%emt 0:00:17]} Rxb2+ {[%emt 0:00:01]} 38. Kg3 {[%emt 0:00:01]} Rxb4 {[%emt 0:00:01]} 39. Rc1 {[%emt 0:00:07]} Rc4 {[%emt 0:00:01]} 40. Rb1 {[%emt 0:00:02]} b5 {[%emt 0:00:01]} 41. Rb3 {[%emt 0:00:30]} Ke7 {[%emt 0:00:01]} 42. Kh3 {[%emt 0:00:06]} b4 {[%emt 0:00:03]} 43. g4 {[%emt 0:00:08]} fxg4+ {[%emt 0:00:05]} 44. fxg4 {[%emt 0:00:01]} a5 45. h5 {[%emt 0:00:04]} gxh5 {[%emt 0:00:05]} 46. gxh5 {[%emt 0:00:02]} Rc3 {[%emt 0:00:01]} 47. Rb1 {[%emt 0:00:09]} Rxe3+ {[%emt 0:00:02]} 48. Kg4 {[%emt 0:00:01]} Re5 {[%emt 0:00:17]} 49. Rf1 {[%emt 0:00:02]} h6 {[%emt 0:00:24]} 50. Rf7+ {[%emt 0:00:01]} Kd6 {[%emt 0:00:01]} 51. Kf4 {[%emt 0:00:10]} d4 {[%emt 0:00:31]} 52. Rf6 {[%emt 0:00:54]} Rxh5 {[%emt 0:00:11]} 53. Rf7 {[%emt 0:00:13]} Bd5 {[%emt 0:00:46]} 54. Rf6 {[%emt 0:00:27]} Rh1 {[%emt 0:00:07]} 55. Rg6 {[%emt 0:00:34]} Rf1+ {[%emt 0:00:12]} 56. Kg4 {[%emt 0:00:16]} Rg1+ {[%emt 0:00:03]} 57. Kf5 {[%emt 0:00:05]} Be4+ {[%emt 0:00:15]} 58. Kxe4 {[%emt 0:00:07]} Rxg6 {[%emt 0:00:01]} 59. Kxd4 {[%emt 0:00:01]} Rxe6 {[%emt 0:00:06]} 0-1